01000nam a2200277 i 4500001000400000003000400004005001700008008004100025020001500066040000800081041000800089080001200097080000900109100002400118245009100142260003700233300002900270505005700299505011700356650003900473650005400512655001700566700001800583700002300601856009800624bgjBPK20191002090814.0 s2001 uk f f |000 0 eng d a0582382734 cBPK0 aeng a811.111 a(07)1 aCunningham, Sarah. 10aCutting Edge :bpre-intermediate /cSarah Cunnigham, Peter Moor with Jane Comyns Carr. aHarlow, Essex :bLongman,c2001. a168 pp :bill. ;c30 cm. aIncludes mini dictionary in a pocket on a backcover. a"Cutting edge mini-dictionary pre-intermediate" by Deborah Tempest, translated by Agnieszka Leńko-Szymańska. 0aEnglish languagexPre-intermediate 4aJęzyk angielskixpoziom średnio zaawansowany. aPodręcznik1 aMoor, Peter. 1 aCarr Comyns, Jane. uhttp://koha.tu.koszalin.pl/cgi-bin/koha/opac-detail.pl?biblionumber=48511yKatalog online BPK